Most Streamed Guns N Roses Songs - Statistics

General Stats
  • This quiz has been taken 49 times
  • The average score is 12 of 20
Answer Stats
# Streams Answer % Correct
1 2,320,218,389 Sweet Child O' Mine
95%
2 1,442,843,661 Welcome To The Jungle
95%
4 1,128,919,586 November Rain
93%
3 1,271,916,442 Paradise City
93%
6 719,613,885 Don't Cry
73%
5 891,754,256 Knockin' On Heaven's Door
73%
14 115,844,800 Mr. Brownstone
70%
7 434,247,990 Patience
70%
10 256,487,180 Civil War
63%
8 299,423,731 Live And Let Die
60%
9 268,585,915 You Could Be Mine
55%
16 97,766,240 It's So Easy
53%
18 91,328,040 Rocket Queen
50%
20 68,027,886 My Michelle
45%
11 144,673,698 Nightrain
43%
12 136,684,342 Estranged
40%
13 123,289,011 Since I Don't Have You
25%
19 83,387,859 Used To Love Her
25%
17 92,774,435 Yesterdays
25%
15 98,387,028 This I Love
13%
No matching quizzes found
Score Distribution
Percent of People with Each Score
Percentile by Number Answered
Your Score History
You have not taken this quiz